Statistieken voor Show yourself songtekst Vlaams/Nederlands

Klik hier om de quiz te nemen!

Algemene statistieken

  • Deze quiz is 14 keer genomen
  • De gemiddelde score is 38 van 96

Antwoordstatistieken

Songtekst% Correct
En niet van de {kou}
78%
Keer terug naar {huis}
78%
Kom mijn {lief}
78%
Kom naar {huis}
78%
Maar niet van de {kou}
78%
{Ah} {ah}, ah ah
67%
{Ah} {ah}, ah ah aah
67%
Ik {wacht} al zo lang
67%
Ik {wacht} niet meer
67%
{Jij} ...
67%
Magische {rivier}
67%
Mijn heel {leven} lang
67%
Van zo {ver}
67%
Ah aah, {ah} {ah} {ah}
56%
Als een {vriend} van lang hiervoor
56%
En het voelt bijna als {thuis}
56%
Het antwoord op die {vraag}
56%
Ik ben hier voor een {reden}
56%
Ik ben {thuis}
56%
Ik was een ivoren {toren}
56%
Ik wil zien {wie} {je} {bent}
56%
In het {noorden}
56%
Kom nu {naar} {mij}
56%
Laat me zien {wie} {je} {bent}
56%
{Mijn} leven lang
56%
Oh, kom nu {naar} {mij}
56%
Open de {poort}
56%
{Ver} {van} hier
56%
Waar ik heel mijn leven om {vraag}
56%
Als een {droom} die ik plots in het echt aanschouw
44%
Ben jij de weg die ik heb {gezocht}
44%
En het voelt of ik hier {hoor}
44%
En ik {voel} je echt
44%
Heel mijn lijf {beeft} van de spanning
44%
Het {geheim} dat je niet ziet
44%
Het voelt nu al {vertrouwd} hier
44%
Het wordt {tijd}
44%
Ik voel iets hier {vanbinnen}
44%
Ik was {altijd} onzeker
44%
Jij bent de weg die ik heb {gezocht}
44%
Jij bent het {antwoord}
44%
Jij bent het {antwoord}
44%
Jij hebt een {geheim}
44%
{Laat} {je} {zien}
44%
Mijn {angst} is verdwenen
44%
Oh, {laat} {je} {zien}
44%
Ook al wou ik nog zo {graag}
44%
Verbergen {hoef} {je} niet
44%
Waarom was ik nooit als {anderen}
44%
Wist nooit waar heen {te} {gaan}
44%
Bleef in cirkeltjes {gaan}
33%
En open je {deur}
33%
Iets ongrijpbaars, maar iets dat {ik} {vertrouw}
33%
Ik ben nu niet {bang} meer
33%
Ik ben {onderweg}
33%
Ik voel een diepe {rilling}
33%
Ik was altijd al zo {anders}
33%
Ik wil je {ontmoeten}
33%
Is dit {de} {dag}
33%
Is het {vandaag}
33%
Je {kracht} is van jou nu
33%
Kom mijn {liefste}
33%
Maar jij bent helemaal {vrij}
33%
Oh, {toon} {jezelf}
33%
{Regels} telden niet voor mij
33%
Stroomt een {oude}
33%
{Toon} {jezelf}
33%
Vind ik hier de {grond} van mijn bestaan
33%
Want ik ben {bereid}
33%
En jij hebt die {ook}
22%
En wordt {iemand} nieuw
22%
Groei {nadien}
22%
Ik weet het nu {heel} {zeker}
22%
Ik wil {erdoor}
22%
In een {nieuw} bestaan
22%
Ja ik {kwam} al
22%
{Jouw} leven lang
22%
{Kroon} jezelf
22%
Of ik {thuiskom}
22%
Ben {jij} waarnaar ik {opzoek} was
11%
Dat ik {zeggen} mag
11%
Geheimen {diep} in {mij}
11%
Het is {alsof} je
11%
Het is of ik {je} {ken}
11%
Ik heb me altijd {afgesloten}
11%
Ik wil {aan} {boord}
11%
Jij {hebt} zo lang
11%
{Lieve} {vriend}, ik kom naar huis
11%
Ligt hier dan de {bron} van mijn bestaan
11%
Mij al {kent}
11%
Mijn {zoektocht} is voorbij
11%
op {jezelf} gewacht
11%
Sta sterk door je {krachten}
11%
{Waarnaar} je zocht
11%
Geef {jij} {mij} nu
0%
Het is {jouw} {beurt}
0%

Scoreverdeling

Percentiel versus Aantal Correcte Antwoorden

Procent van Mensen met Elke Score

Uw Scoregeschiedenis

U heeft deze quiz nog niet genomen